Non-conventional energy sources (Record no. 521051)

000 -LEADER
fixed length control field 00809nam a22001457a 4500
008 - FIXED-LENGTH DATA ELEMENTS--GENERAL INFORMATION
fixed length control field 221208b ||||| |||| 00| 0 eng d
100 ## - MAIN ENTRY--PERSONAL NAME
Personal name Rajeevan, Reshma and Mukherjee, Abhishek
245 ## - TITLE STATEMENT
Title Non-conventional energy sources
260 ## - PUBLICATION, DISTRIBUTION, ETC. (IMPRINT)
Place of publication, distribution, etc Kurukshetra
300 ## - PHYSICAL DESCRIPTION
Extent 71(1), Nov, 2022: p.27-32
520 ## - SUMMARY, ETC.
Summary, etc India is gradually transitioning from conventional sources to non-conventional secures of energy, for its needs. This is particularly significant as being one of the fastest growing congeries in the worked and fifth larges economy as on date India holds a s strategically important position in the global arena and India’s efforts in climate change will pave a direction for the future generation. – Reproduced
773 ## - HOST ITEM ENTRY
Main entry heading Kurukshetra
906 ## - LOCAL DATA ELEMENT F, LDF (RLIN)
Subject DIP ENERGY RESOURCES
942 ## - ADDED ENTRY ELEMENTS (KOHA)
Item type Articles
Holdings
Withdrawn status Lost status Source of classification or shelving scheme Damaged status Not for loan Permanent location Current location Date acquired Serial Enumeration / chronology Barcode Date last seen Koha item type
          Indian Institute of Public Administration Indian Institute of Public Administration 2022-12-08 71(1), Nov, 2022: p.27-32 AR127611 2022-12-08 Articles

Powered by Koha